000 00518nam a22001817a 4500
005 20240808114931.0
008 240808b |||||||| |||| 00| 0 eng d
020 _a978-81-3090-040-7
082 _a539.7
_bKAK-N
100 _aKakani, S. L
245 _aNuclear and Particle Physics/
_cby S. L. Kakani, Shubhra Kakani
260 _aIndia :
_bViva Books ;
_c2008 .
300 _aviii, 965 p. :
_b24 cm .
500 _aInclude Index.
650 _aTechnical/Engineering
700 _aKakani, Shubhra
999 _c36343
_d36343